00648nam a2200193Ia 4500008004100000020001400041082001600055100003300071245002300104250000800127260004500135300003300180500001900213600002100232650005000253942000700303952012900310999001500439240925s9999 xx 000 0 und d a130895717 a005.133 DEI aDeitel, P. J.; Deitel, P. J. 0aC++ How to Program a3rd aNew Jersey:bPrintice- Hall Int.c,2001. aVarious pagesbNAfPhotocopy aIncludes Index aComputer Science aComputer science, information & general works cBK 001040708CSaUITUbUITUd2002-09-05eFair Book Centerg200.00l0o005.133 DEIpQ4578r2024-09-25 07:13:33w2024-09-25yBK c7077d7077